000 00499nam a2200181Ia 4500
001 18029
005 20260306171600.0
008 260306s9999||||xx |||||||||||||| ||und||
041 _aESP
082 _a658.32
_bG63
100 _aGómez-Mejía, Luis R.
_eAUT
245 0 _aLa retribución y los resultados de la organización:
_binvestigación y práctica empresarial
260 _c2006
300 _avii, 419 páginas :
_c24 cm.
650 _aGEN
654 _aCAN
942 _cLIB
_dJUS
_fJUS
_2ddc
_n
999 _c18029
_d18029